000 00602nam a2200217 i 4500
001 bg
100 1 _aROSE, Joseph L.
245 1 0 _aUltrasonic waves in solid media /
_cJoseph L. Rose.
260 _aCambridge :
_bUniversity Press,
_c1999.
300 _aXIII, 454 s. :
_brys., wykr. ;
_c25 cm.
504 _aBibliogr. s. 439-450. - Indeks.
650 9 _aSprężystość
_xteoria
650 9 _aUltradźwięki
_xstosowanie
020 _a0521640431
040 _cBPK
041 0 _aen
080 _a534:539.3
920 _a0-521-64043-1
942 _cKS
008 s pl f |000 0 pol
999 _c36430
_d36430
856 _uhttp://koha.tu.koszalin.pl/cgi-bin/koha/opac-detail.pl?biblionumber=36430
_yKatalog online BPK